000
00222cam a22000857a 4500
008
180718b2013 xxu||||| |||| 00| 0 eng d
245
_a
U.P. Consumer Forum Officers Association
_c
Souvenir
260
_a
_b
_c
2013
300
_a
56p.
999
_c
502694
_d
502694